000 00370cam a2200145ua 4500
003 OSt
008 221107b |||||||| |||| 00| 0 eng d
041 _aeng
082 _a338.900941
_bECO/MO
245 _aModern economic development of the United Kingdom
250 _a2 /
260 _amadras :
_bc nagiah chetty and co ,
_c1965.
300 _a166 ; .
942 _cBK
999 _c11432
_d11432